Southville International School and Colleges
Your cart is empty.
  • Cart
  • Lists
    Public lists Eva Luna New books Lux_list list_1
    Your lists Log in to create your own lists
  • Log in to your account
  • Your cookies
  • Search history
Southville International School and Colleges
  • Advanced search
  • Recent comments
  • Most popular
  • Libraries

Log in to your account

Log in with GOOGLE


If you do not have an external account, but do have a local account, you can still log in:

  1. Home
  2. MARC view: Resort development and management /
Normal view MARC view ISBD view

Resort development and management / (Record no. 305183)

[ view plain ]
MARC details
000 -LEADER
fixed length control field 00663nam a22002177a 4500
003 - CONTROL NUMBER IDENTIFIER
control field SISC
005 - DATE AND TIME OF LATEST TRANSACTION
control field 20161108101208.0
008 - FIXED-LENGTH DATA ELEMENTS--GENERAL INFORMATION
fixed length control field 161108b xxu||||| |||| 00| 0 eng d
020 ## - INTERNATIONAL STANDARD BOOK NUMBER
International Standard Book Number 9789351115496
050 ## - LIBRARY OF CONGRESS CALL NUMBER
Classification number TX 911.3.P46
Item number .C426 2015
100 ## - MAIN ENTRY--PERSONAL NAME
Personal name Chabbra, Mahendra Singh.
245 ## - TITLE STATEMENT
Title Resort development and management /
Statement of responsibility, etc Mahendra Singh Chabbra.
260 ## - PUBLICATION, DISTRIBUTION, ETC. (IMPRINT)
Place of publication, distribution, etc New Delhi :
Name of publisher, distributor, etc Random Publications,
Date of publication, distribution, etc 2015.
300 ## - PHYSICAL DESCRIPTION
Extent 277 pages ;
Dimensions 23 cm.
500 ## - GENERAL NOTE
General note Includes index.
650 ## - SUBJECT ADDED ENTRY--TOPICAL TERM
Topical term or geographic name as entry element Hotels
General subdivision Design and construction.
650 ## - SUBJECT ADDED ENTRY--TOPICAL TERM
Topical term or geographic name as entry element Resorts
General subdivision Design and construction.
650 ## - SUBJECT ADDED ENTRY--TOPICAL TERM
Topical term or geographic name as entry element Hotels
General subdivision Planning.
650 ## - SUBJECT ADDED ENTRY--TOPICAL TERM
Topical term or geographic name as entry element Resorts
General subdivision Planning.
942 ## - ADDED ENTRY ELEMENTS (KOHA)
Source of classification or shelving scheme Library of Congress Classification
Koha item type Books
Holdings
Withdrawn status Lost status Source of classification or shelving scheme Damaged status Home library Current library Shelving location Date acquired Source of acquisition Cost, normal purchase price Sub Shelving location Total Checkouts Total Renewals Full call number Barcode Date last seen Date checked out Price effective from Koha item type
    Library of Congress Classification   College Library College Library Reserve Section 11/08/2016 Library Fund 4104.00   5 29 TX 911.3.P46 .C426 2015 C20764 09/02/2019 07/29/2019 11/08/2016 Books

Resort development and management /

APA

Chabbra M. S., . (2015). Resort development and management. New Delhi: Random Publications.

Chicago

Chabbra Mahendra Singh, . 2015. Resort development and management. New Delhi: Random Publications.

Harvard

Chabbra M. S., . (2015). Resort development and management. New Delhi: Random Publications.

MLA

Chabbra Mahendra Singh, . Resort development and management. New Delhi: Random Publications. 2015.

  • Place hold
  • Print
  • Cite
  • Add to your cart (remove)
  • Save record
    BIBTEX Dublin Core MARCXML MARC (non-Unicode/MARC-8) MARC (Unicode/UTF-8) MARC (Unicode/UTF-8, Standard) MODS (XML) RIS
  • More searches
    Search for this title in:
    Other Libraries (WorldCat) Other Databases (Google Scholar) Online Stores (Bookfinder.com) Open Library (openlibrary.org)

Exporting to Dublin Core...

SOUTHVILLE LIBRARY

Southville International School and Colleges Library

1281 Tropical Ave. Cor. Luxembourg St., BF Homes International, Las Pinas City

Tel. No. 8256374 / 252358 Loc. 117/146

Powered by Koha